000 00342 a2200157 4500
001 171752
020 _a85-269-0097-8
040 _cMagnum
100 _aDuarte, Luiz
240 1 0 _aO cravo brigou com a rosa
_lpor
245 1 0 _aO cravo brigou com a rosa
300 _a12
362 0 _a1992
697 _aLITERATURA INFANTIL
942 _cBK
999 _c171752
_d171752